| LEADER | 00566cam a2200193Ia 4500 | ||
|---|---|---|---|
| 001 | 007721017-4 | ||
| 005 | 20020606104010.5 | ||
| 008 | 830429s1960 ja a 000 0 jpn d | ||
| 035 | 0 | |a ocm09463858 | |
| 040 | |a CCH |c CCH |d CCH |d OCL |d YNH | ||
| 043 | |a a-ja--- | ||
| 090 | |a GT1560 |b .H3 | ||
| 100 | 1 | |a Hase, Akihisa, |d 1918- | |
| 245 | 1 | 0 | |a Me de miru fukushoku no rekishi : |b Nihon / |c Hase Akihisa cho. |
| 260 | |a Tōkyō : |b Sa-e-ra Shobō, |c Shōwa 35 [1960] | ||
| 300 | |a 114 p. (chiefly ill., some col.) ; |c 26 cm. | ||
| 650 | 0 | |a Costume |z Japan. | |
| 988 | |a 20020608 | ||
| 906 | |0 OCLC | ||


